000 00736nam a2200253Ia 4500
003 OSt
005 20220926015222.0
006 a|||||r|||| 00| 0
007 ta
008 220923b |||||||| |||| 00| 0 eng d
020 _a0195049721
037 _cGeneral Book
040 _aRTL
_cRTL
_beng
041 _2eng
_aeng
082 _aX:1:(Z).73.N8, M8
100 _aAsch Peter
_9318633
245 0 _aConsumer safety regulation
_bPutting a price on life and limb
260 _aNew York
_bOxford University Press
_c1988
300 _ax,172p.
_ccm.
500 _aBibliography P 151-166
650 _aConsumption Economics
942 _hX:1:(Z).73.N8, M8
_cGB
_2CC
999 _c630779
_d630779